ՀՀ Գիտությունների ազգային ակադեմիայի հիմնարար գիտական գրադարան  =   Fundamental Scientific Library of NAS RA

Верди : (Record no. 513122)

MARC details
000 -LEADER
fixed length control field 00816nam a2200241 a 4500
001 - CONTROL NUMBER
control field 000697638
003 - CONTROL NUMBER IDENTIFIER
control field AM-YEHGA
005 - DATE AND TIME OF LATEST TRANSACTION
control field 20250617163820.0
008 - FIXED-LENGTH DATA ELEMENTS--GENERAL INFORMATION
fixed length control field 091116s1962 |||| |||||||||||||rus d
040 ## - CATALOGING SOURCE
Original cataloging agency AM-YeHGA
041 1# - LANGUAGE CODE
Language code of text/sound track or separate title rus
Language code of original ger
090 ## - LOCALLY ASSIGNED LC-TYPE CALL NUMBER (OCLC); LOCAL CALL NUMBER (RLIN)
-- 516637
100 1# - MAIN ENTRY--PERSONAL NAME
Personal name Верфель, Франц.
245 10 - TITLE STATEMENT
Title Верди :
Remainder of title Роман оперы /
Statement of responsibility, etc. Франц Верфель; Пер. с нем. Н. Вольпин; Предисл. И. Бэлза.
246 11 - VARYING FORM OF TITLE
Title proper/short title Verdi
260 ## - PUBLICATION, DISTRIBUTION, ETC.
Place of publication, distribution, etc. Москва :
Name of publisher, distributor, etc. Худож. лит.,
Date of publication, distribution, etc. 1962.
300 ## - PHYSICAL DESCRIPTION
Extent 399 с. :
Other physical details ил. ;
Dimensions 20 см.
600 04 - SUBJECT ADDED ENTRY--PERSONAL NAME
Personal name Верди, Джузеппе
650 14 - SUBJECT ADDED ENTRY--TOPICAL TERM
Topical term or geographic name entry element Музыка (х. л.)
650 14 - SUBJECT ADDED ENTRY--TOPICAL TERM
Topical term or geographic name entry element Композиторы (х. л.)
700 1# - ADDED ENTRY--PERSONAL NAME
Personal name Вольпин, Н.
Relator term пер.
Relationship trl
700 1# - ADDED ENTRY--PERSONAL NAME
Personal name Белза, И.
Relator term предисл.
Relationship aui
Holdings
Withdrawn status Lost status Damaged status Not for loan Collection Home library Current library Date acquired Total checkouts Full call number Barcode Date last seen Price effective from Koha item type Public note
        General Fundamental Scientific Library Fundamental Scientific Library 19/07/2021   РII/56774 FL0653337 19/07/2021 19/07/2021 Գրքեր / Books 30 Days Loan


ՀՀ ԳԱԱ հիմնարար գիտական գրադարան
ՀՀ,Երևան 0019
Մարշալ Բաղրամյան 24/6
հեռախոս:(374-10) 52-47-50
Հետադարձ կապ

All site content, except where otherwise noted, is licensed under a
Creative Commons License